Introduction to probability and statistics (Record no. 2274)

MARC details
000 -LEADER
fixed length control field 00665nam a22002297a 4500
003 - CONTROL NUMBER IDENTIFIER
control field OSt
005 - DATE AND TIME OF LATEST TRANSACTION
control field 20150923233244.0
008 - FIXED-LENGTH DATA ELEMENTS--GENERAL INFORMATION
fixed length control field 150923b xxu||||| |||| 00| 0 eng d
020 ## - INTERNATIONAL STANDARD BOOK NUMBER
International Standard Book Number 9780495389590
040 ## - CATALOGING SOURCE
Transcribing agency DDC
082 ## - DEWEY DECIMAL CLASSIFICATION NUMBER
Classification number 519.2 MEN 2009
100 ## - MAIN ENTRY--PERSONAL NAME
Personal name Mendehall, William
9 (RLIN) 5762
245 ## - TITLE STATEMENT
Title Introduction to probability and statistics
250 ## - EDITION STATEMENT
Edition statement 13th ed.
260 ## - PUBLICATION, DISTRIBUTION, ETC. (IMPRINT)
Place of publication, distribution, etc. Australia;
Name of publisher, distributor, etc. Brooks/ Cole,
Date of publication, distribution, etc. 2009
300 ## - PHYSICAL DESCRIPTION
Extent xxi,746p;
Other physical details col.ill:
Dimensions 25.5cm
504 ## - BIBLIOGRAPHY, ETC. NOTE
Bibliography, etc References, answers, credit & index included
650 ## - SUBJECT ADDED ENTRY--TOPICAL TERM
Topical term or geographic name as entry element Probability
9 (RLIN) 1273
650 ## - SUBJECT ADDED ENTRY--TOPICAL TERM
Topical term or geographic name as entry element Statistics
9 (RLIN) 1274
700 ## - ADDED ENTRY--PERSONAL NAME
Personal name Beaver, Robert J. ; Beaver, Barbara M.
9 (RLIN) 5763
942 ## - ADDED ENTRY ELEMENTS (KOHA)
Source of classification or shelving scheme Other/Generic Classification Scheme
Koha item type Open Shelf
Holdings
Withdrawn status Lost status Source of classification or shelving scheme Damaged status Not for loan Home library Current library Date acquired Source of acquisition Inventory number Total Checkouts Full call number Barcode Date last seen Date last checked out Koha item type
    Dewey Decimal Classification     MUST Main Library MUST Main Library 23/09/2015   11/33395 1 519.2 MEN 2009 2015-2272 02/12/2019 27/09/2019 Open Shelf